000
00300nam a2200121Ia 4500
005
20251222154326.0
008
251222s9999||||xx |||||||||||||| ||spa||
020
_a
950-614-160-6
082
_a
943/F47
100
_a
"Fichte, Johann Gottlieb"
245
0
_a
Discursos a la nación alemana
942
_c
LIB
999
_c
33978
_d
33978